<?xml version="1.0" encoding="UTF-8"?>
<collection xmlns="http://www.loc.gov/MARC21/slim">
 <record>
  <leader>00432cam a2200133 7i4500</leader>
  <controlfield tag="001">0000048794</controlfield>
  <controlfield tag="005">20070906090000.0</controlfield>
  <datafield tag="020" ind1="#" ind2="0">
   <subfield code="a">8122418333 </subfield>
  </datafield>
  <datafield tag="090" ind1="0" ind2="0">
   <subfield code="a">SB 931 </subfield>
   <subfield code="b">F4 2006</subfield>
  </datafield>
  <datafield tag="245" ind1="0" ind2="0">
   <subfield code="a">Applied entomology  </subfield>
   <subfield code="c">P. G. fenemore, Alka Prakash.</subfield>
  </datafield>
  <datafield tag="260" ind1="#" ind2="#">
   <subfield code="a">New Delh: </subfield>
   <subfield code="b">New Age International Publishers, </subfield>
   <subfield code="c">1992 ; riprint 2002.</subfield>
  </datafield>
  <datafield tag="504" ind1="0" ind2="0">
   <subfield code="a">Include indexes</subfield>
  </datafield>
  <datafield tag="650" ind1="0" ind2="0">
   <subfield code="a">Entomology -- </subfield>
   <subfield code="x">fundementals </subfield>
  </datafield>
  <datafield tag="999" ind1=" " ind2=" ">
   <subfield code="a">1100042930</subfield>
   <subfield code="b">Book</subfield>
   <subfield code="c">Open Shelf</subfield>
   <subfield code="e">KOLEKSI TERBUKA</subfield>
  </datafield>
 </record>
</collection>
